| 000 | 02708nam a2200337 a 4500 | ||
|---|---|---|---|
| 001 | 000023775 | ||
| 003 | DO-SdBNP | ||
| 005 | 20260120073950.0 | ||
| 008 | 110113s1997 dr r 001 0 spa d | ||
| 040 |
_aDO-SdBNP _bspa _cBNPHU _erda |
||
| 041 | _hspa | ||
| 082 | 4 |
_a231.3 _bJ91a _222 |
|
| 100 | 1 |
_aJuanes, Benigno _d1916-2009 _9442 |
|
| 245 | 1 | 3 |
_aLa acción del Espíritu Santo en el corazón del creyente / _cBenigno Juanes, S.J. |
| 264 | 1 |
_aSanto Domingo : _bRenovación Carismática Católica, _c1997. |
|
| 300 |
_a240 páginas ; _c23 cm. |
||
| 336 |
_atexto _btxt _2rdacantent |
||
| 337 |
_asin mediación _bn _2rdamedia |
||
| 338 |
_avolumen _bnc _2rdacarrier |
||
| 490 | 1 |
_aTorrentes ; _v7 |
|
| 504 | _aIncluye referencias bibliográficas página 55, y notas al final de las páginas | ||
| 505 | 0 |
_tPrólogo -- _tLa habitación (inhabitación) de la Trinidad en el alma de justo -- _tJesús y el Espíritu Santo -- _tJesús, dador del espíritu -- _tEl Espíritu Santo don por excelencia del Padre y del Hijo -- _tEl Espíritu nos incorpora a Cristo resucitado -- _tEl Espíritu Santo nos da la filiación divina en Cristo y establece una relación nueva por el conocimiento y el amor -- _tEl Espíritu Santo nos da la filiación divina en Cristo y establece una relación nueva por el conocimiento y el amor -- _tEl Espíritu Santo domina toda al existencia cristiana y preside su desarrollo -- _tEl Espíritu Santo desarrolla la vida divina por el ejercicio de las virtudes teologales: fe, esperanza y caridad -- _tEl Espíritu Santo nos da la experiencia de Dios -- _tEl Espíritu Santo nos da la experiencia de Dios -- _tEl Espíritu Santo, principio de nuestra vida moral como realidad de la santidad cristiana en Cristo Jesús -- _tEl Espíritu Santo principio de nuestra vida moral en la obediencia filial a la voluntad del Padre a ejemplo de Jesucristo y en la realización del amor -- _tEl Espíritu Santo nos da la oración de Jesús -- _tEl Espíritu y la lucha contra la carne. Él da la verdadera libertad -- _tEl Espíritu Santo fuente de los dones espirituales y carismas en la iglesia -- _tLos frutos del Espíritu -- _tEl fruto más precioso de la acción del Espíritu Santo en el alma: descubre e introduce en el ministerio de la cruz -- _tLa acción del Espíritu Santo en el alma suscita y urge el deseo de la "opción preferencial por los pobres" -- _tEl Espíritu Santo y la evangelización. |
|
| 590 | _aInventariado, 2018/BT | ||
| 650 | 4 |
_aEspiritu santo _97135 |
|
| 650 | 4 |
_aJesucristo _xEnseñanzas _922829 |
|
| 650 | 0 |
_aVida cristiana _9668 |
|
| 650 | 0 |
_aVida espiritual _9268 |
|
| 830 | 0 |
_aTorrentes ; _n7 _948939 |
|
| 910 | _aValidado. Control de calidad. EMS | ||
| 942 |
_2ddc _cLBS1 |
||
| 999 |
_c23271 _d23271 |
||